Wacky Word Ladder Quiz Stats

 Plays Quiz not verified by Sporcle

Challenge
Share
Tweet
Embed
Score 0/20 Timer 02:00
0 Plays Today
Clue Word % Correct
The second tone on the musical scaleRe
98%
___ you sleeping? ___ you sleeping?Are
96%
Work done with paint, crayons, etc.Art
90%
Used for shoppingCart
90%
Three in SpanishTres
84%
Main sources of transportationCars
84%
Used to hear thingsEars
82%
A flying mammalBat
82%
The @ symbolAt
80%
Bitter or sourTart
80%
Clue Word % Correct
The Greek god of warAres
78%
Not blue or yellowRed
78%
Is scared ofFears
76%
Extraordinary actsFeats
76%
MouseRat
76%
Fees for airplanesFares
74%
CoolRad
70%
Acronym for Fuel Efficency in Road Transport SectorFerts
68%
Bottom of your footTred
66%
TootsFarts
66%

You're not logged in!

Compare scores with friends on all Sporcle quizzes.
Join for Free
OR
Log In

You Might Also Like...

Show Comments

Extras

Top Quizzes Today


Score Distribution

Your Account Isn't Verified!

In order to create a playlist on Sporcle, you need to verify the email address you used during registration. Go to your Sporcle Settings to finish the process.

Report this User

Report this user for behavior that violates our Community Guidelines.

Details: